00390nam a2200133 a 4500008004100000020001500041050001800056100002700074245002000101246008800121250001300209260002500222350000900247120416s0000 ||||||||||||||||| || u a1557385300 aHF 5415.3 Tem aTempleton, Jane Farley14aThe focus group aa strategic guide to organizing, conducting and analyzing the focus group interview arev. ed. aChicagobIrwinc1994 a0.00